Cam Jansen and the mystery at the haunted house / (Record no. 2262)

MARC details
000 -LEADER
fixed length control field 00990cam a2200277 a 4500
005 - DATE AND TIME OF LATEST TRANSACTION
control field 20231114091755.0
020 ## - INTERNATIONAL STANDARD BOOK NUMBER
International Standard Book Number 067083419X
040 ## - CATALOGING SOURCE
Original cataloging agency DLC
Transcribing agency DLC
Modifying agency DLC
Language of cataloging eng
050 00 - LIBRARY OF CONGRESS CALL NUMBER
Classification number PZ7.A2615
082 00 - DEWEY DECIMAL CLASSIFICATION NUMBER
Classification number 813.54
Edition number 20
100 1# - MAIN ENTRY--PERSONAL NAME
Personal name Adler, David A.
245 10 - TITLE STATEMENT
Title Cam Jansen and the mystery at the haunted house /
Statement of responsibility, etc. David A. Adler ; illustrated by Susanna Natti.
250 ## - EDITION STATEMENT
Edition statement This printing, January 2005
260 ## - PUBLICATION, DISTRIBUTION, ETC.
Place of publication, distribution, etc. New York :
Name of publisher, distributor, etc. Scholastic,
Date of publication, distribution, etc. 1992
300 ## - PHYSICAL DESCRIPTION
Extent 58 pages :
Other physical details illustrations
Dimensions 19 cm
490 1# - SERIES STATEMENT
Series statement A Cam Jansen adventure ;
Volume/sequential designation 13
505 ## - FORMATTED CONTENTS NOTE
Formatted contents note K
520 ## - SUMMARY, ETC.
Summary, etc. Cam and her friend Eric chase the thief of Aunt Katie's wallet through an amusement park and find themselves involved in another case requiring their special detective skills.
521 ## - TARGET AUDIENCE NOTE
Target audience note 620
Source Lexile
521 ## - TARGET AUDIENCE NOTE
Target audience note K
Source Raz-Plus
650 #1 - SUBJECT ADDED ENTRY--TOPICAL TERM
Topical term or geographic name entry element Mystery and detective stories.
700 1# - ADDED ENTRY--PERSONAL NAME
Personal name Natti, Susanna
Relator term illustrator
906 ## - LOCAL DATA ELEMENT F, LDF (RLIN)
a 7
b cbc
c orignew
d 1
e ocip
f 19
g y-gencatlg
942 ## - ADDED ENTRY ELEMENTS (KOHA)
Source of classification or shelving scheme Dewey Decimal Classification
Koha item type Books
Suppress in OPAC No
999 ## -
-- 2262
-- 2262
Holdings
Withdrawn status Lost status Source of classification or shelving scheme Damaged status Not for loan Collection Home library Current library Shelving location Date acquired Total Checkouts Full call number Barcode Date last seen Price effective from Koha item type
    Dewey Decimal Classification     Juvenile Fiction Footprints International School Library Network Toul Kork Campus Footprints International School Library Network Toul Kork Campus TK Primary Library Room(4th Floor), Bookcase 3&4, Shelves 17-32, Yellow Books 11/14/2023   ADL 813.54 PZ7.A2615 FISTK00247 11/14/2023 11/14/2023 Books